| 000 | 00930cam a2200265 4500 | ||
|---|---|---|---|
| 008 | 090401t1984 xxu||||| |||| 00| 0 eng d | ||
| 020 | _a0906225086 | ||
| 035 | _a(Sirsi) u74826 | ||
| 041 | _aeng | ||
| 050 | _a690.0285 | ||
| 100 | _aWager, Denis M. | ||
| 245 | _aExpert systems and the construction industry: a study of expert systems, their nature, posible use and implications for the construction industry. | ||
| 260 |
_aCambridge _bCICA _c1984 |
||
| 300 | _a128p. ; 30cm. | ||
| 350 | _a12 | ||
| 520 | _aSponsored by International Federation of Associations of Computer Users in Engineering, Architecture and Related Fields (FACE). | ||
| 650 | _aBUILDING INDUSTRY | ||
| 650 | _aCOMPUTERS | ||
| 650 | _aEXPERT SYSTEMS | ||
| 650 | _aFACE | ||
| 690 | _aMANAGEMENT-BUSINESS MANAGEMENT-INFORMATION MANAGEMENT | ||
| 710 |
_aConstruction Industry Computing Association _92635 |
||
| 942 | _n0 | ||
| 948 | _c04/03/1997 | ||
| 999 |
_c95923 _d95923 |
||